000 00270nam a2200109Ia 4500
008 200302s9999 xx 000 0 und d
100 _aG. K. Hiraskar
245 _aThe Great Ages of World Architecture
260 _bDhanpat Rai & Sons
260 _c1994
300 _a406 P.,
999 _c2225
_d2225